Guía para realizar investigaciones sociales
El libro se presenta como una guía didáctica a los aspectos de mayor interés para la investigación social, abordando tanto alcances y limitaciones de la investigación social como introduciendo en el manejo de los métodos y técnicas de la misma. Mediante una disposición sintética, el autor recupera l...
Guardat en:
| Autor principal: | |
|---|---|
| Format: | Text |
| Publicat: |
Mexico D.F.:
Plaza y Valdes
|
| Edició: | 8 |
| Matèries: | |
| Etiquetes: |
Afegir etiqueta
Sense etiquetes, Sigues el primer a etiquetar aquest registre!
|
MARC
| LEADER | 00000 a a2200000 04500 | ||
|---|---|---|---|
| 001 | 31988 | ||
| 003 | |||
| 040 | |||
| 020 | |a 968-856-264-5 | ||
| 090 | |a 200100 | ||
| 100 | |a Rojas Soriano, Raúl | ||
| 245 | |a Guía para realizar investigaciones sociales | ||
| 250 | |a 8 | ||
| 260 | |a Mexico D.F.: |b Plaza y Valdes | ||
| 300 | |a 286 p. | ||
| 520 | |a El libro se presenta como una guía didáctica a los aspectos de mayor interés para la investigación social, abordando tanto alcances y limitaciones de la investigación social como introduciendo en el manejo de los métodos y técnicas de la misma. Mediante una disposición sintética, el autor recupera los pasos o fases propias de una investigación en el campo de lo social utilizando ejemplos mediatos y reales de su aplicación práctica y de su vínculo para la resolución de problemas sociales de diversa índole. Así, se trabaja revisando lo teórico y general de una investigación para, posteriormente, ahondar en los estamentos específicos (métodos, técnicas, instrumentos de recopilación de datos, análisis) que este proceso investigativo requiere | ||
| 650 | |a ORGANIZACION DE LA INVESTIGACION | ||
| 650 | |a INVESTIGACION DE CAMPO | ||
| 650 | |a METODOS DE INVESTIGACION | ||
| 650 | |a ANALISIS DE LA INFORMACION | ||
| 650 | |a INVESTIGACION SOCIAL | ||
| 650 | |a TEORIA SOCIAL | ||
| 999 | |c 15457 |d 15457 | ||



